| 000 | 00886nam a2200133Ia 4500 | ||
|---|---|---|---|
| 008 | 220620s9999||||xx |||||||||||||| ||und|| | ||
| 020 | _a9783040000000 | ||
| 245 | 0 | _aRobotic Platforms for Assistance to People with Disabilities | |
| 546 | _aEnglish[eng] | ||
| 650 | _asensors||electronic platform||machine learning||wearables||hand motor rehabilitation||sEMG||hand pose||social robot||physical human-robot interaction||assistive robotics||collaborative robots||brain–machine interfaces||EEG||exoskeleton||motor imagery||human–robot interaction||human pose estimation||robotic rehabilitation||visually impaired assistance||navigation system||knowledge graph||dialogue system||NLP||reasoning||multimodal interfaces||robotic exoskeleton||n/a | ||
| 700 | _aJara, Carlos A.||Corrales Ramón, Juan Antonio | ||
| 856 | _uhttps://mdpi.com/books/pdfview/book/5314 | ||
| 942 | _cEB | ||
| 999 |
_c24621 _d24621 |
||